000
00207nam a22000857a 4500
008
170301b xxu||||| |||| 00| 0 eng d
100
_9
2990
_a
Sarna.C.S.
245
_a
Mathematics-IX
260
_a
New Delhi
_b
APC
_c
2009
999
_c
6234
_d
6234